| 000 | 01467nam0a2200325 4500 | ||
|---|---|---|---|
| 001 | RU\NLR\bibl\17725 | ||
| 005 | 20260405150636.0 | ||
| 035 | _a(NLR Aleph) 000017305 | ||
| 090 |
_a74728 _c74728 |
||
| 100 | _a19990324d1998 |||y0rusy50 ca | ||
| 101 | 0 | _arus | |
| 102 | _aRU | ||
| 105 | _aa ||||||||| | ||
| 200 | 1 |
_aСветлынь _e(Сб. рус. поэзии) _f[Ред. и сост. сб. Владимир Морозов] |
|
| 210 |
_aСПб. _cИзд.-полигр. техникум _d1998 |
||
| 215 |
_a79 с. _d18 |
||
| 300 | _aНа тит. л.: К 200-летию со дня рождения А.С. Пушкина | ||
| 327 | 0 | _aСодерж.: Авт.: Николай Астафьев, Юлия Андреева, Алексей Ахматов, Юрий Баладжаров, Анатолий Белов, Виктор Брюховецкий, Станислав Буров, Ирина Важинская, Сергей Вакомин, Людмила Варфоломеева и др. | |
| 686 | _aШ6(2=Р)75-5 | ||
| 686 | _aШ6(2=Р)75-999 | ||
| 702 | 1 |
_4220 _7ca _8rus _aМорозов _bВ. И. _cпоэт _f1956- _gВладимир Ильич _944857 _3RU\NLR\auth\7761927 |
|
| 801 | 0 |
_aRU _bNLR _c19990324 _gPSBO |
|
| 801 | 1 |
_aRU _bNLR _c19990324 |
|
| 852 |
_aNLR _j99-4/77 |
||
| 942 | _cBOOK | ||
| 980 | _aNB | ||